000161198 001__ 161198
000161198 005__ 20250613111157.0
000161198 037__ $$aTAZ-TFG-2025-1161
000161198 041__ $$aspa
000161198 1001_ $$aSerrat Marín, Paula
000161198 24200 $$aLTP allergy. Relationship between sensitization profile and clinical severity
000161198 24500 $$aAlergia a LTP (Proteínas de Transferencia de Lípidos). Relación entre el perfil de sensibilización y gravedad clínica
000161198 260__ $$aZaragoza$$bUniversidad de Zaragoza$$c2025
000161198 506__ $$aby-nc-sa$$bCreative Commons$$c3.0$$uhttp://creativecommons.org/licenses/by-nc-sa/3.0/
000161198 520__ $$aLa sensibilización a proteínas transportadoras de lípidos (LTPs) representa una causa relevante de alergia alimentaria en adultos del área mediterránea, con Pru p 3 como principal marcador. Este Trabajo Fin de Grado plantea un estudio observacional transversal prospectivo en 76 pacientes con polisensibilización alérgica, seleccionados mediante técnicas de microarray (ISAC) y determinación de IgE específica frente a Pru p 3 mediante fluoroinmunoenzimoanálisis.<br />Los resultados muestran una asociación significativa entre la sensibilización a Pru p 3 y la aparición de anafilaxia, así como otros síntomas clínicos tras la ingesta de fruta. Asimismo, se identificaron correlaciones relevantes entre otras LTPs (como Cor a 8, Art v 3 o Ara h 9) y manifestaciones clínicas específicas. La ratio IgE total/Pru p 3 mostró mayor capacidad discriminativa que la IgE absoluta para síntomas respiratorios y digestivos.<br />Se concluye que el análisis del perfil molecular de sensibilización y la relación entre IgE total y específica permite mejorar la estratificación del riesgo clínico y favorece un abordaje más personalizado del paciente alérgico.<br /><br />
000161198 521__ $$aGraduado en Medicina
000161198 540__ $$aDerechos regulados por licencia Creative Commons
000161198 691__ $$a0
000161198 692__ $$a
000161198 700__ $$aColás Sanz, Carlos$$edir.
000161198 700__ $$aMartínez Lostao, Luis$$edir.
000161198 7102_ $$aUniversidad de Zaragoza$$bMedicina, Psiquiatría y Dermatología$$cMedicina
000161198 8560_ $$f799355@unizar.es
000161198 8564_ $$s1380206$$uhttps://zaguan.unizar.es/record/161198/files/TAZ-TFG-2025-1161.pdf$$yMemoria (spa)
000161198 8564_ $$s235078$$uhttps://zaguan.unizar.es/record/161198/files/TAZ-TFG-2025-1161_ANE.pdf$$yAnexos (spa)
000161198 909CO $$ooai:zaguan.unizar.es:161198$$pdriver$$ptrabajos-fin-grado
000161198 950__ $$a
000161198 951__ $$adeposita:2025-06-13
000161198 980__ $$aTAZ$$bTFG$$cMED
000161198 999__ $$a20250524122549.CREATION_DATE